写出一个中国各省人口后20%城市 any city with bottom 20% pop in each China province - Statistics

General Stats
  • This quiz has been taken 261 times
  • The average score is 10 of 28
Answer Stats
省份 阈值人口/万 城市 % Correct
浙江 41 丽水|嵊州|平湖|兰溪|江山|龙泉|建德
73%
西藏 5 山南|那曲
66%
新疆 2 霍尔果斯|双河|昆玉|阿拉山口|北屯|可克达拉
50%
云南 17 腾冲|泸水|香格里拉|水富|澄江
47%
黑龙江 8 宁安|穆棱|东宁|五大连池|同江|抚远|漠河
46%
四川 23 峨眉山|隆昌|什邡|绵竹|华蓥|万源|康定|马尔康
45%
青海 6 德令哈|茫崖
43%
内蒙古 7 二连浩特|额尔古纳|根河|阿尔山
42%
海南 11 万宁|五指山
42%
台湾 59 新竹
41%
江苏 33 东台|靖江|兴化|句容|高邮|仪征|扬中
40%
甘肃 9 敦煌|华亭|合作|玉门
37%
广东 25 廉江|雷州|罗定|陆丰|英德|恩平|连州|南雄|乐昌
35%
陕西 17 商洛|子长|彬州|华阴
34%
福建 19 邵武|建瓯|武夷山|漳平
33%
山东 33 莱阳|曲阜|莱西|莱州|招远|海阳|昌邑|禹城|乳山|乐陵|栖霞
32%
宁夏 14 灵武|青铜峡
31%
吉林 9 扶余|龙井|临江|集安|图们|和龙
31%
辽宁 16 北票|调兵山|新民|凌海|北镇|灯塔
30%
江西 17 德兴|瑞昌|共青城|庐山|井冈山
27%
河南 29 长葛|登封|灵宝|沁阳|卫辉|舞钢|孟州|义马
26%
河北 18 河间|平泉|安国|霸州|晋州|南宫|深州
25%
湖南 18 汨罗|沅江|涟源|临湘|洪江|津市|韶山
23%
湖北 18 当阳|松滋|枝江|京山|宜城|石首|洪湖|丹江口
23%
广西 14 东兴|靖西|荔浦|凭祥|合山
23%
安徽 24 天长|界首|无为|明光|潜山
23%
山西 17 汾阳|高平|永济|古交|霍州
22%
贵州 12 兴仁|福泉|赤水
19%
No matching quizzes found
Score Distribution
Percent of People with Each Score
Percentile by Number Answered
Your Score History
You have not taken this quiz